000 00338 a2200109 4500
001 ART_42493
005 20260410161756.0
008 260409a
245 1 0 _aLa categorización de la renta en las sociedades profesionales
100 1 _aKaplan, Hugo E.
773 0 _tDoctrina tributaria
_g- Nº 360 (mar. 2010)
_wREV4296
999 _c20088
_d20088